Democratizacin̤ violenta

Detalles Bibliográficos
Autor principal: Carroll, Leah Anne
Formato: eBook
Lenguaje:español
Publicado: Bogot:̀ Universidad de Los Andes (Colombia), 2015
Materias:
Acceso en línea:Acceso restringido

MARC

LEADER 00000nam a22000007a 4500
005 2019051601521.0
007 cr|||| ||||
008 190516s2015 co |||||s|||| 00||0 spa d
020 |a 978-958-774-246-6 
035 |a 23369 
040 |a vLex 
090 |c 8734  |d 8734 
100 1 |a Carroll, Leah Anne 
245 1 0 |a Democratizacin̤ violenta  |h [Recurso electrn̤ico] /  |c Leah Anne Carroll 
256 |a Servicio en ln̕ea 
260 |a Bogot:̀  |b Universidad de Los Andes (Colombia),  |c 2015 
300 |a 1 recurso electrn̤ico 
506 1 |a Disponible solo en los productos indicados  |d vLex Global  |d vLex Global (Academic Edition, excluding Law Schools)  |d vLex Global (U.S. Academic Edition, Law Schools)  |d vLex Global (U.S. Academic Edition, excluding Law Schools)  |d vLex Global (Academic Edition, Law Schools) 
650 0 4 |a Derecho Constitucional  |z Colombia 
740 0 |a vLex Libros (Servicio en ln̕ea) 
856 4 0 |u http://vlex.com/source/democratizacion-violenta-23369  |z Acceso restringido 
942 |c BOOK 
999 0 |a Constitutional right